[Event "Andres Clemente Vazquez mem"]
[Site "Guiines"]
[Date "1998.10.16"]
[Round "4"]
[White "Castillo Castelan, Miguel"]
[Black "Lopez, Carlos Manuel"]
[Result "0-1"]
[WhiteElo "2110"]
[BlackElo "2285"]

1.d4 d5 2.c4 c6 3.e3 Nf6 4.Nc3 e6 5.Nf3 Nbd7 6.Bd3 dxc4 7.Bxc4 b5 8.Bd3 Bb7
9.O-O b4 10.Ne4 Be7 11.b3 O-O 12.Bb2 c5 13.Nxc5 Nxc5 14.dxc5 Bxc5 15.Qe2 Ne4
16.Rac1 Bd6 17.Rfd1 Qe7 18.Rc4 f5 19.Ne5 a5 20.Nc6 Qc7 21.Ne5 Nc5 22.f4 Qe7
23.Rd4 Bxe5 24.fxe5 Bd5 25.Qh5 Rac8 26.Rxd5 exd5 27.Bb1 Qe6 28.Rf1 Ne4 29.Bd4 g6
30.Qe2 Nc3 31.Qd3 Rc6 32.h3 Rfc8 33.Bc2 Ne2+ 34.Qxe2 Rxc2 35.Qd3 Rxa2 36.Rf3 Qc6
37.Rg3 f4 38.Rg4 f3 39.e6 Qxe6 40.e4 Qxg4  0-1

[Event "SWE-chT 9899"]
[Site "Sweden"]
[Date "1998.10.16"]
[Round "1"]
[White "Johansson, Victoria"]
[Black "Ronneland, Daniel"]
[Result "1-0"]
[WhiteElo "2165"]
[BlackElo "2325"]

1.d4 d5 2.c4 c6 3.Nf3 Nf6 4.Nc3 e6 5.e3 Nbd7 6.Qc2 Bd6 7.g4 Nxg4 8.Rg1 Ngf6
9.Rxg7 h6 10.Bd2 b6 11.cxd5 exd5 12.O-O-O Bb7 13.Bd3 Qe7 14.Nh4 O-O-O 15.Ng6 Qe8
16.Nxh8 Qxh8 17.Rg2 Kb8 18.f3 c5 19.Nb5 Be7 20.Be1 Nh5 21.Bf5 a6 22.Nc3 b5
23.Bxd7 Rxd7 24.Qf5 Nf6 25.Bg3+ Ka7 26.Be5 Rd8 27.dxc5 Bc8 28.Qf4  1-0

[Event "Bundesliga 9899"]
[Site "Germany"]
[Date "1998.10.17"]
[Round "1.3"]
[White "Agdestein, Simen"]
[Black "Rogozenko, Dorin"]
[Result "1/2-1/2"]
[WhiteElo "2570"]
[BlackElo "2495"]

1.d4 d5 2.c4 c6 3.Nc3 Nf6 4.e3 e6 5.Nf3 Nbd7 6.b3 Bd6 7.Bd3 e5 8.Bc2 Bb4
9.Bd2 exd4 10.exd4 Qe7+ 11.Ne2 Ne4 12.Bxe4 dxe4 13.Bxb4 Qxb4+ 14.Nd2 Qe7
15.Qc2 Nf6 16.Nf1 Bg4 17.Ne3 Bxe2 18.Qxe2 Qb4+ 19.Qd2 Qxd2+ 20.Kxd2 O-O-O
21.Kc3 h5 22.Rhe1 h4 23.Rad1 Rh5 24.Re2 Rg5 25.g3 hxg3 26.hxg3 Rh5 27.a4 a5
28.Red2 Kc7 29.d5 c5 30.Rf1 Ne8 31.Nd1 Nd6 32.Kc2 f5 33.Nc3 Re8 34.Nb5+ Kd7
35.Re2 Rh2 36.Nxd6 Kxd6 37.Kd2 g5 38.Rg1 f4 39.gxf4 gxf4 40.Rg6+ Ke5 41.f3 e3+
42.Kd3 Rxe2 43.Kxe2 Rh8 44.Re6+ Kf5 45.Re7 Rh2+ 46.Ke1 b6 47.d6 Rd2 48.d7 Kf6
49.Re4 Kg5 50.Re7 Kf6 51.Re4 Kg5  1/2-1/2

[Event "Bundesliga 9899"]
[Site "Germany"]
[Date "1998.10.17"]
[Round "1.6"]
[White "Uhlmann, Wolfgang"]
[Black "Klebel, Martin"]
[Result "0-1"]
[WhiteElo "2495"]
[BlackElo "2410"]

1.c4 c6 2.d4 d5 3.Nf3 Nf6 4.Nc3 e6 5.e3 Nbd7 6.Qc2 Bd6 7.b3 O-O 8.Be2 dxc4
9.bxc4 e5 10.O-O Re8 11.h3 Qe7 12.Rd1 e4 13.Nd2 Nf8 14.a4 c5 15.dxc5 Bxc5
16.Nd5 Nxd5 17.cxd5 Bf5 18.Nc4 Rac8 19.Bb2 Qg5 20.Kh1 Bd6 21.Qd2 Rxc4 22.Bxc4 Ng6
23.Rg1 Qh6 24.Bf1 Nh4 25.Qd1 f6 26.Ba3 Be5 27.d6 Bxa1 28.Qxa1 Be6 29.Qd4 f5
30.d7 Rd8 31.Qd6 Qf6 32.Bb5 Ng6 33.Rc1 Bxd7 34.Bc4+ Kh8 35.Rd1 Ne5 36.Bb2 Qxd6  0-1

[Event "SVK-chT2A 9899"]
[Site "SVK"]
[Date "1998.10.17"]
[Round "1"]
[White "Stefan, Oldrich"]
[Black "Puskas, Miroslav"]
[Result "0-1"]
[WhiteElo "2074"]
[BlackElo "2210"]

1.d4 d5 2.c4 e6 3.Nf3 Nf6 4.Nc3 c6 5.e3 Nbd7 6.Qc2 Bd6 7.b3 O-O 8.Be2 Re8
9.Bb2 h6 10.O-O Nh7 11.e4 dxe4 12.Nxe4 Bf8 13.Rad1 Ndf6 14.Ne5 Qc7 15.Nc3 Bd6
16.f4 a6 17.Bf3 Rb8 18.Na4 Nf8 19.Nc5 Bd7 20.Ncxd7 N8xd7 21.Kh1 Rbd8 22.g3 Bf8
23.Qg2 Nb8 24.Rfe1 Qa5 25.Qc2 Ba3 26.Ba1 Qc7 27.c5 Bb4 28.Re2 Nd5 29.Nc4 b5
30.Nd6 Re7 31.Bxd5 exd5 32.Bb2 Qd7 33.a3 Ba5 34.b4 Bc7 35.Nf5 Rxe2 36.Qxe2 Qxf5
37.Re1 Qe4+ 38.Qxe4 dxe4 39.Rxe4 Kf8 40.Kg2 Nd7 41.Kf3 Nf6 42.Re2 Nd5 43.Bc1 Re8
44.Rxe8+ Kxe8 45.Ke4 Ke7 46.Bd2 Nf6+ 47.Kd3 Ke6 48.Be1 h5 49.h3 Kf5  0-1

[Event "SWE-chT 9899"]
[Site "Sweden"]
[Date "1998.10.17"]
[Round "2"]
[White "Sjodin, Bengt"]
[Black "Delveborn, Ingemar"]
[Result "1-0"]
[WhiteElo "2175"]
[BlackElo "2235"]

1.d4 d5 2.Nf3 Nf6 3.c4 c6 4.Nc3 e6 5.e3 Nbd7 6.Qc2 Bd6 7.Be2 Qe7 8.O-O e5
9.cxd5 Nxd5 10.Nxd5 cxd5 11.dxe5 Nxe5 12.Nxe5 Qxe5 13.Bb5+ Ke7 14.f4 Qe4
15.Bd3 Qb4 16.Bd2 Qb6 17.Kh1 Bd7 18.Bc3 Rac8 19.Qd2 f6 20.Rad1 Be6 21.Rfe1 g6
22.Qf2 Bf7 23.Qh4 Bc5 24.Rb1 a5 25.a3 Qd6 26.b4 axb4 27.Rxb4 b6 28.e4 d4
29.e5  1-0

[Event "BL2-S9899"]
[Site "Germany"]
[Date "1998.10.18"]
[Round "1.2"]
[White "Panzalovic, Srdjan"]
[Black "Gerstner, Wolfgang"]
[Result "1-0"]
[WhiteElo "2415"]
[BlackElo "2360"]

1.Nf3 d5 2.d4 Nf6 3.c4 e6 4.Nc3 c6 5.e3 Nbd7 6.Qc2 Bd6 7.Be2 O-O 8.O-O Qe7
9.Rd1 Re8 10.h3 h6 11.a3 dxc4 12.Bxc4 e5 13.Ba2 a5 14.Nh4 Nf8 15.Nf5 Bxf5
16.Qxf5 e4 17.h4 g6 18.Qh3 h5 19.Bd2 N8d7 20.f3 exf3 21.Rf1 Ng4 22.Rxf3 Rf8
23.Raf1 Kh8 24.Rxf7 Bh2+ 25.Kh1 Rxf7 26.Rxf7 Rf8 27.Qf3 Rxf7 28.Qxf7 Qxf7
29.Bxf7 Nf8 30.Ne4 Kg7 31.Bc4 Bc7 32.a4 Nh6 33.Nc5 b6 34.Ne6+ Nxe6 35.Bxe6 Nf5
36.Bd7 c5 37.d5 Ng3+ 38.Kg1 Ne4 39.Be1 Be5 40.b3 Kf7 41.Kf1 Ke7 42.Bc6 Kf6
43.Ke2 Nd6 44.Kf3 Nf5 45.Bd7 Nd6 46.g4 hxg4+ 47.Kxg4 Ne4 48.Bb5 Kf7 49.Bd3 Nf6+
50.Kf3 Kg7 51.Bc4 Nh5 52.e4 Kf6 53.Bd2 Ke7 54.Bg5+ Nf6 55.Bb5 Kd6 56.Bf4 Nh5
57.Bxe5+ Kxe5 58.Be8 Kf6 59.d6 Ng7 60.Bb5 Ne6 61.Bc4 Nd4+ 62.Kf4 Nc6 63.Bb5 Nd4
64.e5+ Ke6 65.Bc4+ Kd7 66.Kg5  1-0

[Event "Bundesliga 9899"]
[Site "Germany"]
[Date "1998.10.18"]
[Round "2.3"]
[White "Stohl, Igor"]
[Black "Wells, Peter K"]
[Result "1/2-1/2"]
[WhiteElo "2550"]
[BlackElo "2530"]

1.Nf3 Nf6 2.c4 e6 3.Nc3 d5 4.d4 c6 5.e3 Nbd7 6.Bd3 dxc4 7.Bxc4 b5 8.Bd3 Bb7
9.O-O b4 10.Ne4 Be7 11.a3 bxa3 12.bxa3 O-O 13.Kh1 Qc8 14.Nxf6+ Nxf6 15.Qb3 Ba6
16.Bxa6 Qxa6 17.Ne5 Bd6 18.Qc4 Qc8 19.Nf3 c5 20.Bd2 cxd4 21.Qxd4 Qa6 22.a4  1/2-1/2

[Event "SVK-chT2A 9899"]
[Site "SVK"]
[Date "1998.10.18"]
[Round "2"]
[White "Janos, Martin"]
[Black "Labar, Eduard"]
[Result "0-1"]
[WhiteElo "2061"]
[BlackElo "2083"]

1.c4 e6 2.d4 d5 3.e3 Nf6 4.Nc3 c6 5.Nf3 Nbd7 6.cxd5 exd5 7.Bd3 Bd6 8.O-O O-O
9.h3 Re8 10.a3 Bb8 11.Re1 Ne4 12.Nd2 Ndf6 13.Nf1 Nxc3 14.bxc3 Ne4 15.Bxe4 dxe4
16.f4 Qh4 17.Qd2 f5 18.Kh2 Be6 19.g3 Qh5 20.Qg2 Bd6 21.Nd2 b6 22.Bb2 b5 23.Qf1 Rab8
24.Re2 Rb7 25.Rg2 Reb8 26.Bc1 a5 27.Rg1 Qf7 28.g4 Kh8 29.Qg2 g6 30.Bb2 Bd5
31.Qe2 Re8 32.gxf5 Qxf5 33.Kg2 Rg7 34.Qg4 a4 35.Kh1 Qxg4 36.hxg4 Bxf4 37.Rae1 Bg5
38.Kg2 Rf7 39.Ref1 Ref8 40.Rxf7 Rxf7 41.Nf1 Rf3 42.Bc1 Bh4 43.Nh2 Rf2+ 44.Kh3 Bg5
45.Rg2 Rf7 46.Rb2 Kg7 47.Kg2 Bh4 48.Kg1 Bc4 49.Rg2 Kf8 50.Bd2 Ke7 51.g5 Rf5
52.Ng4 Bxg5 53.Nf2 Bd5 54.Rg4 h5 55.Rg2 Kf6 56.Nh3 Bh6 57.Nf2 Bf8 58.Bc1 Rf3
59.Nh1 Bd6 60.Rf2 Rxf2 61.Kxf2 h4 62.Kg2 Be6 63.Nf2 Bf5 64.Bb2  0-1

[Event "Szeged TT10 IM"]
[Site "Szeged"]
[Date "1998.10.23"]
[Round "9"]
[White "Grechanovskaya, Elena"]
[Black "Somlo, Bela"]
[Result "1-0"]
[WhiteElo "2150"]
[BlackElo "2100"]

1.Nf3 d5 2.d4 Nf6 3.c4 e6 4.Nc3 c6 5.e3 Nbd7 6.Qc2 Bd6 7.Bd3 dxc4 8.Bxc4 O-O
9.O-O e5 10.Rd1 Qe7 11.h3 h6 12.Nh4 Nd5 13.Nf5 Qf6 14.Bxd5 cxd5 15.Nxd5 Qe6
16.Nxd6 Qxd6 17.Qb3 b6 18.dxe5 Qxe5 19.Qc3 Qh5 20.Ne7+ Kh8 21.Rd5 f5 22.Qc6 Nf6
23.Qxa8 Nxd5 24.Qxd5 Qg5 25.Qd6 Re8 26.Nxc8 Rxc8 27.Bd2 Rd8 28.Qb4 a5 29.Qc3 Rd6
30.Qc8+ Rd8 31.Qc2 Rd6 32.Bc3 Rg6 33.g3 h5 34.Be5 h4 35.Bf4 Qh5 36.Kg2 hxg3
37.fxg3 Rf6 38.Qd1 Qe8 39.Rc1 Kh7 40.Qd5 Qh5 41.Qf3 Qf7 42.Rc7 Qxa2 43.Be5  1-0

[Event "Bourbon Lancy op"]
[Site "Bourbon Lancy"]
[Date "1998.10.26"]
[Round "4"]
[White "Lazarev, Vladimir"]
[Black "Komljenovic, Davor"]
[Result "1/2-1/2"]
[WhiteElo "2450"]
[BlackElo "2480"]

1.d4 Nf6 2.c4 c6 3.Nc3 d5 4.Nf3 e6 5.e3 Nbd7 6.Qc2 Bd6 7.e4 dxe4 8.Nxe4 Nxe4
9.Qxe4 Bb4+ 10.Bd2 Bxd2+ 11.Nxd2 O-O 12.Bd3 Nf6 13.Qh4 e5 14.O-O-O Qxd4 15.Qxd4 exd4
16.Nb3 Ng4 17.Rd2 Ne5 18.Nxd4 c5 19.Nb5 Be6 20.b3 Nxd3+ 21.Rxd3 Rfc8 22.Rhd1 Kf8
23.Nd6 Rc7 24.Nb5 Rcc8 25.Nd6 Rc7  1/2-1/2

[Event "Najdorf op"]
[Site "Buenos Aires"]
[Date "1998.10.27"]
[Round "4"]
[White "Wojtkiewicz, Aleksander"]
[Black "Beshukov, Sergei"]
[Result "1/2-1/2"]
[WhiteElo "2595"]
[BlackElo "2455"]

1.Nf3 d5 2.d4 c6 3.c4 Nf6 4.Nc3 e6 5.e3 Nbd7 6.Qc2 Bd6 7.Bd3 O-O 8.Bd2 Qe7
9.O-O dxc4 10.Bxc4 b5 11.Bd3 Bb7 12.e4 e5 13.Ne2 c5 14.Ng3 g6 15.dxe5 Nxe5
16.Bxb5 Nxf3+ 17.gxf3 a6 18.Bc4 Nd7 19.f4 Qh4 20.e5 Bxe5 21.fxe5 Nxe5 22.f4 Qh3
23.Rf2 Ng4 24.Bf1 Qh4 25.Qxc5 Rac8 26.Qb6 Nxf2 27.Qxf2 Rc2 28.Re1 Rxb2 29.Qd4 Rxa2
30.Bc4 Qh3 31.Bf1 Qh4 32.Bc4 Qh3 33.Bf1  1/2-1/2

[Event "Cap d'Agde-B"]
[Site "Cap d'Agde"]
[Date "1998.10.27"]
[Round "7"]
[White "Dao Thien Hai"]
[Black "Bacrot, Etienne"]
[Result "0-1"]
[WhiteElo "2580"]
[BlackElo "2555"]

1.d4 d5 2.c4 c6 3.Nf3 Nf6 4.Nc3 e6 5.e3 Nbd7 6.Qc2 Bd6 7.Bd2 O-O 8.O-O-O Qe7
9.Kb1 e5 10.cxd5 cxd5 11.dxe5 Nxe5 12.Nd4 a6 13.h3 Nc6 14.Nf5 Bxf5 15.Qxf5 Rad8
16.g4 g6 17.Qf3 Bb4 18.Bg2 Rfe8 19.Be1 Qe6 20.a3 Bxc3 21.Bxc3 Ne4 22.Be1 b5
23.Qf4 a5 24.Bxe4 dxe4 25.Bc3 b4 26.Bf6 bxa3 27.Rxd8 Rxd8 28.Bxd8 Nb4 29.Qf6 Qa2+
30.Kc1 axb2+  0-1

[Event "Cap d'Agde-B"]
[Site "Cap d'Agde"]
[Date "1998.10.27"]
[Round "7"]
[White "Mohamed, Esam Ahmed Nagib"]
[Black "Adianto, Utut"]
[Result "1/2-1/2"]
[WhiteElo "2455"]
[BlackElo "2610"]

1.d4 d5 2.c4 c6 3.e3 Nf6 4.Nc3 e6 5.Nf3 Nbd7 6.Qc2 Bd6 7.e4 Nxe4 8.Nxe4 dxe4
9.Qxe4 Bb4+ 10.Bd2 Bxd2+ 11.Nxd2 O-O 12.Bd3 Nf6 13.Qe5 Ng4 14.Qh5 f5 15.Nb3 e5
16.O-O e4 17.Be2 Nf6 18.Qh4 a5 19.Rad1 a4 20.Na1 a3 21.b3 Qc7  1/2-1/2

[Event "Hampstead GM4"]
[Site "Hampstead"]
[Date "1998.10.27"]
[Round "2"]
[White "Gormally, Daniel"]
[Black "Ippolito, Dean"]
[Result "1/2-1/2"]
[WhiteElo "2400"]
[BlackElo "2430"]

1.d4 d5 2.c4 c6 3.Nf3 Nf6 4.Nc3 e6 5.e3 Nbd7 6.Bd3 dxc4 7.Bxc4 b5 8.Bd3 a6
9.O-O Bb7 10.e4 c5 11.d5 c4 12.Bc2 Qc7 13.dxe6 fxe6 14.Nd4 Nc5 15.Be3 O-O-O
16.Qe2 e5 17.Nf3 Nd3 18.b3 Bb4 19.bxc4 Nf4 20.Bxf4 Bxc3 21.Bg3 Bxa1 22.Rxa1 Qxc4
23.Qxc4+ bxc4 24.Nxe5 Bxe4 25.Bxe4 Nxe4 26.Nf7 c3 27.Nxd8 Rxd8 28.Rc1 Kb7
29.Kf1 Rd2 30.a3 Kc6 31.Ke1 Ra2 32.f3 Nxg3 33.Rxc3+ Kd5 34.hxg3 Kd4 35.Rc7 Rxg2
36.Rxg7 Ke3 37.Kf1 Rf2+ 38.Kg1 Rxf3 39.Kg2 Rf2+ 40.Kh3 Ra2 41.Rxh7 Rxa3 42.Rd7  1/2-1/2

[Event "Hampstead IM4"]
[Site "Hampstead"]
[Date "1998.10.27"]
[Round "2"]
[White "Richardson, John R"]
[Black "Varga, Peter"]
[Result "0-1"]
[WhiteElo "2330"]
[BlackElo "2445"]

1.d4 d5 2.c4 c6 3.Nc3 Nf6 4.Nf3 e6 5.e3 Nbd7 6.Qc2 Bd6 7.Bd2 O-O 8.Bd3 dxc4
9.Bxc4 a6 10.Bd3 c5 11.O-O Qe7 12.Rfe1 b6 13.Ne4 Bb7 14.Nxd6 Bxf3 15.Ne4 Bxe4
16.Bxe4 Nxe4 17.Qxe4 Nf6 18.Qc6 cxd4 19.exd4 Qd7 20.Qxd7 Nxd7 21.d5 exd5
22.Re7 Nc5 23.Be3 Rfe8 24.Rxe8+ Rxe8 25.Rc1 Nd3 26.Rd1 Nxb2 27.Rxd5 Nc4 28.g3 h6
29.Bf4 b5 30.Rc5 Re1+ 31.Kg2 Ra1 32.h4 Rxa2 33.h5 f6 34.Kf3 Ne5+ 35.Bxe5 fxe5
36.Ke3 b4 37.f3 a5 38.Rxe5 a4 39.g4  0-1

[Event "Panormo zt"]
[Site "Panormo"]
[Date "1998.10.27"]
[Round "4"]
[White "Atalik, Suat"]
[Black "Anastasian, Ashot"]
[Result "1-0"]
[WhiteElo "2585"]
[BlackElo "2560"]

1.d4 d5 2.c4 c6 3.Nf3 Nf6 4.Nc3 e6 5.e3 Nbd7 6.Bd3 b6 7.O-O Bb7 8.Qe2 Be7
9.b3 O-O 10.Bb2 Rc8 11.Rad1 Qc7 12.Ne5 Rfd8 13.f4 c5 14.cxd5 Bxd5 15.Nxd5 exd5
16.Bf5 c4 17.bxc4 dxc4 18.Rc1 b5 19.e4 Qb6 20.Kh1 Rc7 21.d5 Nb8 22.Rf3 Bf8
23.Rg3 g6 24.Nxg6 hxg6 25.Bxg6 fxg6 26.Rxg6+ Rg7 27.Rxf6 Qc7 28.Qh5 Rh7 29.Rg6+ Bg7
30.Qg5 Rd6 31.Be5 Rxg6 32.Qxg6 Qf7 33.Qxf7+ Kxf7 34.Bxb8 Bd4 35.e5 c3 36.f5 b4
37.g4 Be3 38.Rc2 a5 39.d6 a4 40.e6+ Ke8 41.a3  1-0

[Event "Hampstead IM4"]
[Site "Hampstead"]
[Date "1998.10.28"]
[Round "4"]
[White "Richardson, John R"]
[Black "Corkett, Anthony"]
[Result "1-0"]
[WhiteElo "2330"]
[BlackElo "2240"]

1.d4 Nf6 2.c4 e6 3.Nc3 d5 4.Nf3 c6 5.e3 Bd6 6.Bd3 Nbd7 7.O-O O-O 8.Qc2 dxc4
9.Bxc4 e5 10.Bb3 Qe7 11.Bd2 e4 12.Ng5 Bxh2+ 13.Kxh2 Ng4+ 14.Kg1 Qxg5 15.Qxe4 Nb6
16.Ne2 Qh5 17.Qf4 Be6 18.e4 Bc4 19.Rfe1 Rfe8 20.f3 Nf6 21.Ng3 Qg6 22.Nf5 Rad8
23.Bb4 Rd7 24.Nd6 Nh5 25.Qh2 Red8 26.Nxc4 Nxc4 27.Bxc4 Rxd4 28.Be7 Re8 29.Bf1 Ng3
30.Rad1 Rxd1 31.Rxd1 h6 32.Bh4 Nxf1 33.Kxf1 Qh5 34.Kg1 Qc5+ 35.Bf2 Qc2 36.Qd6 Qxb2
37.Qd2 Qb5 38.Bxa7 Ra8 39.Bf2 Qc4 40.Ra1 Ra3 41.Qb2 Rc3 42.Qxb7 Rc2 43.a4 Rxf2
44.Kxf2 Qd4+ 45.Kg3 Qxa1 46.Qxc6 Qe1+ 47.Kf4 Qd2+ 48.Ke5 f6+ 49.Ke6 Qxg2
50.a5 Qa2+ 51.Qd5 Qa3 52.Qd8+ Kh7 53.Kf7 Qa2+ 54.Qd5 Qc2 55.Qf5+ Kh8 56.Kg6 Qg2+
57.Qg4 Qc2 58.Qe6 Qg2+ 59.Kf7  1-0

[Event "Panormo zt"]
[Site "Panormo"]
[Date "1998.10.28"]
[Round "5"]
[White "Bagaturov, Giorgi"]
[Black "Borg, Geoffrey"]
[Result "1-0"]
[WhiteElo "2540"]
[BlackElo "2360"]

1.Nf3 d5 2.c4 c6 3.e3 Nf6 4.Nc3 e6 5.d4 Nbd7 6.Bd3 dxc4 7.Bxc4 b5 8.Bd3 b4
9.Ne4 Be7 10.Nxf6+ Nxf6 11.e4 Nd7 12.O-O O-O 13.Bf4 Bb7 14.Rc1 Rc8 15.Bb1 Qa5
16.Nd2 Ba6 17.Re1 e5 18.dxe5 Nxe5 19.Nb3 Qc7 20.Nc5 Qb6 21.Nxa6 Ng6 22.Be3 Qxa6
23.f4 Bd8 24.e5 Bb6 25.Qf3 Rfe8 26.Kh1 Bxe3 27.Rxe3 Qb6 28.Rce1 Qd4 29.f5 Nxe5
30.f6 Qh4 31.Qf5 g6 32.g3 Qd4 33.Rxe5 Qd5+ 34.Kg1 Qd4+ 35.Kg2 Qxb2+ 36.Bc2 Qxe5
37.Qxe5 Rxe5 38.Rxe5 c5 39.Bb3 h6 40.Bc4 Rc6 41.Re8+ Kh7 42.Re7 Rxf6 43.Bxf7 Kg7
44.Bc4+  1-0

[Event "ISL-ch"]
[Site "Arborg"]
[Date "1998.10.29"]
[Round "3"]
[White "Stefansson, Hannes"]
[Black "Kjartansson, David"]
[Result "1-0"]
[WhiteElo "2535"]
[BlackElo "2130"]

1.d4 d5 2.c4 c6 3.Nf3 Nf6 4.Nc3 e6 5.e3 Nbd7 6.Qc2 Bd6 7.Be2 O-O 8.O-O Re8
9.Rd1 Qe7 10.h3 h6 11.Bd2 dxc4 12.Bxc4 e5 13.e4 exd4 14.Nxd4 Nb6 15.Bb3 a6
16.a4 Qe5 17.Nf3 Qh5 18.Bxh6 Bc7 19.Be3 Bxh3 20.Bxf7+ Qxf7 21.Ng5 Qg6 22.Qb3+ Be6
23.Nxe6 Qf7 24.Bxb6 Bxb6 25.Qxb6 Rxe6 26.f3 Kh7 27.Ne2 Nh5 28.Qc5 Rf8 29.Rd6 Rxd6
30.Qxd6 Nf6 31.Ng3 Re8 32.Nf5 g6 33.Qh2+  1-0

[Event "Hampstead IM4"]
[Site "Hampstead"]
[Date "1998.10.29"]
[Round "5"]
[White "Pigott, John C"]
[Black "Richardson, John R"]
[Result "1/2-1/2"]
[WhiteElo "2370"]
[BlackElo "2330"]

1.d4 d5 2.c4 c6 3.Nc3 Nf6 4.e3 e6 5.Nf3 Nbd7 6.Bd3 Bd6 7.e4 dxe4 8.Nxe4 Nxe4
9.Bxe4 h6 10.O-O O-O 11.Bc2 e5 12.Re1 exd4 13.Qxd4 Nf6 14.Bxh6 Bxh2+ 15.Kxh2 Ng4+
16.Kg1 Qxd4 17.Nxd4 Nxh6 18.Re7 Rd8 19.Nb3 Kf8 20.Rae1  1/2-1/2

[Event "Hampstead IM4"]
[Site "Hampstead"]
[Date "1998.10.29"]
[Round "6"]
[White "Crouch, Colin S"]
[Black "Shah, Arpi"]
[Result "1-0"]
[WhiteElo "2410"]
[BlackElo "2030"]

1.d4 d5 2.c4 c6 3.Nf3 Nf6 4.Nc3 e6 5.e3 Bd6 6.Bd3 O-O 7.O-O Nbd7 8.e4 dxc4
9.Bxc4 e5 10.h3 h6 11.Be3 Qe7 12.Nh4 Nb6 13.Ng6 Qc7 14.dxe5 Nxc4 15.exd6 Nxd6
16.Nxf8 Ndxe4 17.Nxe4 Nxe4 18.Qf3 Ng5 19.Bxg5 hxg5 20.Rfe1 Kxf8 21.Qh5 Kg8
22.Re8+  1-0

[Event "Tilburg Fontys"]
[Site "Tilburg"]
[Date "1998.10.29"]
[Round "6"]
[White "Lautier, Joel"]
[Black "Zvjaginsev, Vadim"]
[Result "0-1"]
[WhiteElo "2625"]
[BlackElo "2650"]

1.d4 d5 2.c4 c6 3.Nf3 Nf6 4.Nc3 e6 5.e3 Nbd7 6.Bd3 dxc4 7.Bxc4 b5 8.Bd3 Bd6
9.O-O O-O 10.Bd2 Bb7 11.Rc1 Rc8 12.Ne2 b4 13.e4 c5 14.e5 Bxf3 15.exd6 Bd5
16.Ba6 Rb8 17.dxc5 Qa5 18.Bd3 Nxc5 19.Bc4 Nce4 20.a3 Nxd2 21.Qxd2 Qd8 22.Bxd5 Qxd6
23.Qd4 Nxd5 24.Qxa7 Ra8 25.Qc5 Qxc5 26.Rxc5 bxa3 27.bxa3 Rxa3 28.Rfc1 g6
29.Nc3 Nf4 30.Rc7 e5 31.Re1 Rfa8 32.g3 Ra1 33.Kf1 Rxe1+ 34.Kxe1 Ra1+ 35.Kd2 Ne6
36.Rb7 g5 37.Ne4 Ra4 38.Nc3 Ra1 39.Ne4 Ra4 40.Nc3 Ra6 41.Rb5 Nd4 42.Rd5 g4
43.Ke3 Re6 44.Nb5 Nf5+ 45.Ke4 Ne7 46.Rd7 f5+ 47.Ke3 Kf7 48.Nd6+ Kg6 49.Kd3 Ng8
50.Rd8 Nf6 51.Ke3 Re7 52.Rf8 Rd7 53.Nc4 f4+ 54.Ke2 f3+ 55.Ke3 Kg7 56.Ra8 Rd4
57.Ra7+ Kh6 58.Nb6 Rb4 59.Ra6 Kg5  0-1

[Event "Wch U16"]
[Site "Oropesa del Mar"]
[Date "1998.10.30"]
[Round "5"]
[White "Grigutavicius, Dainius"]
[Black "Rahimbekov, S."]
[Result "0-1"]
[WhiteElo "2135"]
[BlackElo "2305"]

1.d4 d5 2.c4 c6 3.Nc3 Nf6 4.e3 e6 5.Nf3 Nbd7 6.Bd3 Bd6 7.O-O O-O 8.e4 dxc4
9.Bxc4 e5 10.Bg5 Qe7 11.d5 Nb6 12.Bb3 h6 13.Bxf6 Qxf6 14.Nd2 Rd8 15.Nc4 Nxc4
16.Bxc4 b5 17.Bb3 b4 18.Ne2 Bb7 19.Ng3 Bf8 20.Qd2 cxd5 21.exd5 Rd7 22.Rac1 a5
23.Rfd1 a4 24.Bc4 Ra5 25.a3 Qb6 26.axb4 Bxb4 27.Qc2 Qd8 28.Qe4 Bxd5 29.Bxd5 Rdxd5
30.Rxd5 Rxd5  0-1

[Event "Panormo zt"]
[Site "Panormo"]
[Date "1998.10.30"]
[Round "7"]
[White "Janjgava, Lasha"]
[Black "Borg, Geoffrey"]
[Result "1-0"]
[WhiteElo "2490"]
[BlackElo "2360"]

1.d4 e6 2.c4 d5 3.Nf3 Nf6 4.Nc3 c6 5.e3 Nbd7 6.Qc2 Bd6 7.Be2 O-O 8.O-O dxc4
9.Bxc4 Qe7 10.Rd1 e5 11.h3 h6 12.Nh4 Nb6 13.Ng6 Qc7 14.dxe5 Bxe5 15.Nxe5 Qxe5
16.Bd3 Nbd5 17.Nxd5 cxd5 18.Bd2 Bd7 19.Bc3 Qe6 20.Bd4 Bc6 21.Bf5 Qe8 22.Bc5 Qe5
23.Bxf8 Rxf8 24.Rd4 Ne8 25.Rad1 Nd6 26.Bg4 f5 27.Bf3 Ne4 28.Bxe4 fxe4 29.a4 Rf5
30.b4 Qe6 31.b5 Be8 32.Qc7 Bf7 33.Qxb7 Rg5 34.Qb8+ Kh7 35.Kh2 Bh5 36.Rg1 Be2
37.Rd2 Bd3 38.Qxa7 Qe5+ 39.Kh1 Rh5 40.b6 Qf5 41.Qc7  1-0

[Event "USA-ch (Women)"]
[Site "Denver"]
[Date "1998.10.31"]
[Round "1"]
[White "Khan, Anna"]
[Black "Frenklakh, Jennie"]
[Result "1-0"]
[WhiteElo "2265"]
[BlackElo "2110"]

1.d4 d5 2.c4 c6 3.Nc3 Nf6 4.Nf3 e6 5.e3 Be7 6.Bd3 O-O 7.O-O b6 8.e4 Ba6 9.e5 Ne8
10.b3 Nd7 11.Bf4 Rc8 12.Qd2 g6 13.Rac1 Ng7 14.Rfd1 Bb7 15.Be2 Nb8 16.h3 Na6
17.Nh2 Nc7 18.Ng4 Nf5 19.Nf6+ Kh8 20.g4 Ng7 21.g5 Nf5 22.Bg4 Bb4 23.Qd3 Ba6
24.Bxf5 exf5 25.Qg3 Be7 26.Ne2 Ne6 27.Kh2 Bxf6 28.gxf6 Qd7 29.Bh6 Rfd8 30.Nf4 Bb7
31.Bg7+ Kg8 32.Bh6 Kh8 33.Nxe6 Qxe6 34.c5 Ba6 35.Rd2 Re8 36.Qh4 Red8 37.Bg7+ Kg8
38.Qh6 Qe8 39.Rc3 Rc7 40.Rf3  1-0

[Event "Wch U16"]
[Site "Oropesa del Mar"]
[Date "1998.10.31"]
[Round "6"]
[White "Azarov, Sergei"]
[Black "Grischuk, Alexander"]
[Result "1/2-1/2"]
[WhiteElo "2445"]
[BlackElo "2490"]

1.d4 d5 2.c4 e6 3.Nc3 c6 4.e3 Nf6 5.Nf3 Nbd7 6.Qc2 Bd6 7.b3 O-O 8.Bd3 e5
9.dxe5 Nxe5 10.Nxe5 Bxe5 11.Bb2 dxc4 12.Bxc4 Qa5 13.O-O-O Qc5  1/2-1/2

[Event "Panormo zt"]
[Site "Panormo"]
[Date "1998.10.31"]
[Round "8"]
[White "Chibukhchian, Artur"]
[Black "Karayannis, Athanasios"]
[Result "1-0"]
[WhiteElo "2415"]
[BlackElo "2365"]

1.d4 d5 2.c4 c6 3.Nf3 Nf6 4.Nc3 e6 5.e3 Nbd7 6.Qc2 Bd6 7.Be2 O-O 8.O-O Qe7
9.Rd1 dxc4 10.Bxc4 e5 11.h3 h6 12.Nh4 Nb6 13.Ng6 Qc7 14.Nxe5 Bxe5 15.dxe5 Qxe5
16.Bd3 Be6 17.e4 Rad8 18.Be3 Rfe8 19.b3 Qa5 20.f4 Bc8 21.Bf2 Nh7 22.e5 Nf8
23.a3 Na8 24.b4 Qc7 25.Bh4 Rd7 26.Ne4 Kh8 27.Qf2 Nb6 28.Nf6 Rdd8 29.Nxe8 Rxe8
30.f5 Nd5 31.f6 g6 32.Bg3 Be6 33.Bc2 Kh7 34.Rd4 Nd7 35.Kh2 Rh8 36.Qd2 Kg8
37.Rh4 h5 38.Qg5 Kf8 39.Bb3 N7b6 40.a4 Qd7 41.Bf2 Nc7 42.Rd1 Ncd5 43.a5 Nc8
44.g4  1-0

[Event "ISL-ch"]
[Site "Arborg"]
[Date "1998.11.01"]
[Round "6"]
[White "Thorhallsson, Throstur"]
[Black "Gunnarsson, Jon Viktor"]
[Result "0-1"]
[WhiteElo "2495"]
[BlackElo "2445"]

1.d4 e6 2.Nf3 d5 3.c4 c6 4.Nc3 Nf6 5.e3 Nbd7 6.Bd3 Be7 7.O-O O-O 8.Qe2 b6
9.e4 dxe4 10.Nxe4 Bb7 11.Rd1 Qc7 12.b3 c5 13.Bb2 Nxe4 14.Bxe4 Bxe4 15.Qxe4 Bf6
16.Rd2 Rfd8 17.Rad1 Rac8 18.Qe2 h6 19.dxc5 bxc5 20.Bxf6 Nxf6 21.Qe5 Rxd2
22.Rxd2 Nd7 23.Qd6 Qxd6 24.Rxd6 Rc7 25.Kf1 Kf8 26.Ke2 Ke7 27.Ra6 Nb8 28.Ra5 Nc6
29.Rb5 Kd6 30.Ke3 f5 31.a3 e5 32.b4 e4 33.bxc5+ Ke6 34.Nd4+ Nxd4 35.Kxd4 Rd7+
36.Ke3 Rd3+ 37.Ke2 Rc3 38.Rb4 f4 39.Ra4 Rc2+ 40.Ke1 e3 41.fxe3 fxe3 42.g3 g5
43.h3 Ke5 44.Rxa7 Ke4 45.c6 Rxc4 46.Re7+ Kf3 47.Rf7+ Kxg3 48.c7 h5 49.Rg7 Kf3
50.Rf7+ Kg3 51.Rg7 g4 52.hxg4 h4 53.Ke2 h3 54.Rh7 h2 55.Kxe3 Rxc7 56.Rxc7 h1=Q
57.Rc3 Kxg4 58.Kd2 Qb1 59.Rc4+ Kf5 60.Kc3 Qa2 61.Kb4 Ke5 62.a4 Kd5 63.Rc5+ Kd6
64.Rb5 Qb2+ 65.Ka5 Qc3+ 66.Ka6 Qc4 67.Ka5 Kc6 68.Rb6+ Kc7 69.Rb7+ Kc8 70.Rb6 Qc3+
71.Ka6 Qa3 72.Kb5 Kc7 73.Rc6+ Kd7 74.Rb6 Qd3+ 75.Ka5 Kc7 76.Rb5 Qd6 77.Rb3 Qd4
78.Kb5 Kb7 79.Ka5+ Ka7 80.Kb5 Qd5+ 81.Kb4 Ka6 82.Ka3 Qd6+ 83.Kb2 Ka5 84.Kc2 Qh2+
85.Kc3 Qg3+ 86.Kc4 Qf4+ 87.Kc3 Qe3+ 88.Kc4 Qe4+ 89.Kc5 Kxa4 90.Rc3 Qe5+ 91.Kc4 Qb5+
92.Kd4 Qd7+ 93.Ke4 Kb4 94.Rd3 Qe6+ 95.Kd4 Qb6+ 96.Ke4 Kc4 97.Re3 Qc6+ 98.Kf4 Kd4
99.Rf3 Qd6+ 100.Kg4 Ke4 101.Rf2 Qg6+ 102.Kh3  0-1

[Event "Corsican op"]
[Site "Bastia"]
[Date "1998.11.01"]
[Round "3"]
[White "Dao Thien Hai"]
[Black "Royer, Sylvain"]
[Result "1-0"]
[WhiteElo "2580"]
[BlackElo "2200"]

1.d4 d5 2.c4 c6 3.Nf3 Nf6 4.Nc3 e6 5.e3 Nbd7 6.Qc2 Bd6 7.g4 O-O 8.g5 Ne4
9.Nxe4 dxe4 10.Qxe4 e5 11.c5 Bc7 12.Bd2 f5 13.Bc4+ Kh8 14.Qh4 exd4 15.Qxd4 Qe7
16.O-O-O Ne5 17.Nxe5 Bxe5 18.Qh4 Qxc5 19.Kb1 g6 20.Rc1 Qe7 21.f4 Bg7 22.Qe1 Be6
23.h4 Bxc4 24.Rxc4 Rfd8 25.h5 gxh5 26.Qe2 Qf7 27.Rc2 Rd7 28.Rxh5 Rad8 29.Rh1 Qe6
30.Qh5 Bxb2 31.Kxb2 Qe7 32.Bc3+  1-0

[Event "Panormo zt"]
[Site "Panormo"]
[Date "1998.11.01"]
[Round "9"]
[White "Banikas, Hristos"]
[Black "Ivanisevic, Ivan"]
[Result "1-0"]
[WhiteElo "2490"]
[BlackElo "2475"]

1.d4 d5 2.c4 c6 3.Nf3 Nf6 4.Nc3 e6 5.e3 Nbd7 6.Qc2 Bd6 7.Be2 O-O 8.O-O dxc4
9.Bxc4 a6 10.Rd1 b5 11.Be2 Qc7 12.a4 Bb7 13.Bd2 e5 14.dxe5 Nxe5 15.Nxe5 Bxe5
16.f4 Bd6 17.Bf3 Rfe8 18.Rac1 Rac8 19.Re1 Qb8 20.Rcd1 h6 21.Bc1 Rcd8 22.Kh1 Rd7
23.Qf5 Rde7 24.axb5 axb5 25.Ne2 Ne4 26.Bxe4 Rxe4 27.Qg4 Bc8 28.Qf3 c5 29.Ng3 Rb4
30.Nh5 Bf8 31.Qg3 Kh7 32.Bd2 Rbe4 33.Bc3 R4e6 34.Nxg7 Rg6 35.Nxe8 Rxg3 36.Nf6+ Kg6
37.hxg3 Bg7 38.Ne4 Bf5 39.Nf2 Bxc3 40.bxc3 h5 41.e4 Bc8 42.Rd5 c4 43.Rg5+ Kf6
44.e5+ Ke7 45.Rg8 Qa7 46.Ne4 Bb7 47.Nf6 Bc6 48.Re4 b4 49.Rxc4 Bxg2+ 50.Kxg2 Qb7+
51.Kh2 Ke6 52.Rd4  1-0